US states flag quiz - Statistics

General Stats
  • This quiz has been taken 180 times
  • The average score is 39 of 51
Answer Stats
Picture Answer % Correct
Alabama
92%
Alaska
92%
California
88%
Colorado
87%
Arizona
86%
Hawai'i
85%
Arkansas
84%
Florida
83%
New Mexico
82%
Ohio
81%
Texas
81%
South Carolina
80%
Washington
80%
Georgia
79%
Maryland
78%
Delaware
77%
Nevada
76%
New York
76%
Tennessee
76%
Wyoming
76%
Connecticut
75%
Illinois
75%
Indiana
75%
Iowa
75%
Mississippi
75%
Montana
75%
North Carolina
75%
Oregon
75%
Minnesota
74%
New Hampshire
74%
North Dakota
74%
South Dakota
74%
Kentucky
73%
Louisiana
73%
Missouri
73%
Nebraska
73%
Rhode Island
73%
Utah
73%
Idaho
72%
New Jersey
72%
Pennsylvania
72%
West Virginia
72%
Kansas
71%
Maine
71%
Michigan
71%
Oklahoma
71%
Virginia
70%
Puerto Rico
69%
Vermont
69%
Wisconsin
69%
Massachusetts
67%
No matching quizzes found
Score Distribution
Percent of People with Each Score
Percentile by Number Answered
Your Score History
You have not taken this quiz